000 00387cam a2200169ua 4500
020 _cRs. 10.60
041 _aeng
_h
082 _a028.70335
_bFIN/KE
100 _aFinance department, .
245 _aKerala treasury code
260 _a :
_bGoverment of kerala ,
_c1976.
300 _a413 ; .
365 _aRs. 10.60
504 _a
942 _cBK
999 _c7672
_d7672